000 00312nam a2200133Ia 4500
005 20251222143311.0
008 251222s9999||||xx |||||||||||||| ||spa||
020 _a84-206-4643-1
082 _a848.94/S26I
100 _aSartre, Jean Paul
245 0 _aLa Infancia de un Jefe
264 _bAlianza
942 _cLIB
999 _c15731
_d15731